000 00839nam a22002657a 4500
003 CHAP
005 20220329134739.0
008 971013s1955 r 00010 d
010 _a25200
011 _a26172
035 _a30272
040 _cCHAP
082 _a311.2
_bI58
110 _aInstituto Interamericano de Estadística
_959224
245 _aAnotaciones sobre el estado de las estadísticas agropecuarias de los países americanos
260 _aWashington :
_bUnión Panamericana,
_c1955
300 _a100 p
590 _aBATCH-UPD
_b10
_c20130110
_lUCH01
_h2018
590 _aBATCH-UPD
_b10
_c20130410
_lUCH01
_h1336
590 _aCONVERSION
_b10
_c20130109
_lUCH01
_h1315
650 1 4 _aAgricultura
_xEstadisticas.
_91417
901 _aBK
942 _cLIBRO
949 _a311.2 I58
_bBC
_cLIBRO
_d33724000304903
_eLIBRO
_i30272
_mD
_si
999 _c25200
_d25200